000 01463nam a2200349 a 4500
005 20170608110301.0
008 15 s2008 sp fr 00110 spa d
020 _a9788481649512
040 _aCO-BoUMC
_bspa
_cLuz Cupitra
_dLuz Cupitra
041 1 _hger
_aspa
100 1 _aLuckmann, Thomas
_972424
245 1 0 _aConocimiento y sociedad
_bensayos sobre acción, religión y comunicación
_cThomas Luckmann ; traducción de Sebastian Soler Schreiber ; Edición de Hubert Knoblauch, Jurgen Raab y Bernt Schnettler.
260 3 _aMadrid (España)
_bTrotta
_c2008
300 _a237 páginas
490 _aColección estructuras y procesos. Serie Ciencias Sociales
500 _aLa edición de esta obra ha contado con la ayuda de Goethe-Institut
504 _aIncluye referencias bibliográficas e índices
534 _p
650 6 _aSociología del conocimiento
_924791
650 6 _aFilosofía de la sociología
_915777
650 6 _aSociología de la religión
_924787
650 _aTeoría de la acción
_925270
650 _aAcción social
_98355
690 _942914
_aSociología
700 1 _aKnoblauch, Hubert
_eeditor
_972425
700 1 _aRaab, Jürgen
_eeditor
_972426
700 1 _aSchnettler, Bernt
_eeditor
_972427
700 1 _aSoler Schreiber, Sebastian
_etraductor
_972428
765 _aWissen und gesellschaft Ausgewahlte aufsatze
942 _2DEWEY
_a5
_cLIBRO
_e1
_h306.42
_mL941co
999 _c301368
_d301368